Hraničářův učeň. Kniha patnáctá, Ztracený princ /
Další kniha fantasy série o hraničářském učni a jeho přátelích.
Uloženo v:
| Série: | Hraničářův učeň,
část 15 |
|---|---|
| Hlavní autor: | |
| Další autoři: | |
| Médium: | E-kniha |
| Jazyk: | Czech |
| Vydáno: |
V Praze :
Egmont,
2020
|
| Vydání: | První vydání |
| Edice: | Fantasy (Egmont)
|
| Témata: | |
| Příbuzné jednotky: | Z cyklu::
Hraničářův učeň |
| Tagy: |
Žádné tagy |
| LEADER | 02854cam a2200553 i 4500 | ||
|---|---|---|---|
| 001 | 299216 | ||
| 003 | CZ PrSKC | ||
| 005 | 20260426063158.0 | ||
| 007 | ta | ||
| 008 | 201130s2020 xr c 000 f cze d | ||
| 015 | |a cnb003267444 | ||
| 020 | |a 9788025248928 |q (vázáno) : |c Kč 349,00 | ||
| 035 | |a (OCoLC)1240907685 | ||
| 040 | |a CBA001 |b cze |d ABG001 |d ABA001 |e rda | ||
| 041 | 1 | |a cze |h eng | |
| 072 | 7 | |a 821.111-3 |x Anglická próza, anglicky psaná |2 Konspekt | |
| 072 | 7 | |a 821-93 |x Literatura pro děti a mládež (beletrie) |2 Konspekt | |
| 080 | |a 821.111(94)-31 |2 MRF | ||
| 080 | |a 821-93 |2 MRF | ||
| 080 | |a (0:82-312.9) |2 MRF | ||
| 100 | 1 | |a Flanagan, John, |d 1944- |7 xx0081982 |4 aut | |
| 240 | 1 | 0 | |a Missing prince. |l Česky |
| 245 | 1 | 0 | |a Hraničářův učeň. |n Kniha patnáctá, |p Ztracený princ / |c John Flanagan ; z anglického originálu Ranger's apprentice: the royal ranger - The missing prince přeložila Eva Dejmková |
| 246 | 3 | 0 | |a Ztracený princ |
| 250 | |a První vydání | ||
| 264 | 1 | |a V Praze : |b Egmont, |c 2020 | |
| 300 | |a 269 stran ; |c 21 cm | ||
| 336 | |a text |b txt |2 rdacontent | ||
| 337 | |a bez média |b n |2 rdamedia | ||
| 338 | |a svazek |b nc |2 rdacarrier | ||
| 490 | 1 | |a Fantasy | |
| 500 | |a Na hřbetu uvedeno číslo dílu v sérii: 15 | ||
| 520 | 2 | |a Další kniha fantasy série o hraničářském učni a jeho přátelích. |b Will Dohoda a jeho učeňka Maddie dostanou naléhavé pozvání na hrad Araluen. Tam se dozvědí překvapivou novinu: galický princ zmizel a galický král požádal o pomoc. Všechna hlášení naznačují, že mladý princ byl uvězněn nebezpečným a mocným baronem Joubertem de Lassigny. Král Duncan ví, že kdyby poslal na záchranu prince do Galiky vojsko, mohlo by to vyvolat válku. Je tu však ještě jedna možnost: využít sbor hraničářů. Nakladatelská anotace. Kráceno. | |
| 655 | 7 | |a australské romány |7 fd131842 |2 czenas | |
| 655 | 7 | |a fantasy romány |7 fd184199 |2 czenas | |
| 655 | 7 | |a publikace pro mládež |7 fd133157 |2 czenas | |
| 655 | 9 | |a Australian fiction |2 eczenas | |
| 655 | 9 | |a fantasy novels |2 eczenas | |
| 655 | 9 | |a juvenile literature |2 eczenas | |
| 700 | 1 | |a Dejmková, Eva |7 xx0111678 |4 trl | |
| 765 | 1 | |t Royal ranger | |
| 787 | 0 | 8 | |i Z cyklu: |t Hraničářův učeň |g 15 |
| 830 | 0 | |a Fantasy (Egmont) | |
| 900 | |a ABA001 |b 20 | ||
| 928 | 9 | |a Albatros Media - Egmont | |
| 044 | |a xr | ||
| 910 | |a RBIT002 | ||
| 998 | |d 264710 |a https://core.palmknihy.cz/api/books/264710/cover?si5zjx |b https://core.palmknihy.cz/api/books/264710/cover/400?si5zjx |c https://core.palmknihy.cz/api/books/264710/cover/50?si5zjx |e 2031-04-10 |g 600 |i 9788025248928 |j https://core.palmknihy.cz/api/books/264710/preview.epub |k https://core.palmknihy.cz/api/books/264710/preview.pdf |l |q 49 |r 1 |s https://www.palmknihy.cz/kniha/264710 |t ebook |y 2020 |z 0 |v Hraničářův učeň |w 15 | ||
| 999 | |d 299214 | ||